000 00745nam a2200289Ia 4500
001 3316
005 20240113233623.0
007 ta
008 050426s2003 a g b000 u eng u
020 _a0-85226-014-8
040 _aCotton College,Assam
041 _aeng
082 _a536
_bKa 111 Ne
100 _aAatre, Vasudev K..
245 0 _aNetwork Theory and Filter Design /
_cVasudev K. Aatre.
_hTextual Documents
250 _a1st ed. /
260 _aNew Delhi :
_bNew Age International ( P ) Limited ,
_c2003.
300 _bill ;
_c21cm .
504 _aIndex
653 _aPhysics
653 _aPhy (D)
653 _aPG-Physics
942 _2ddc
_cBK
999 _c3304
_d3304